Football français 2000-2020 - Statistiques

Statistiques générales
  • Ce quiz a été pris 61 fois
  • Le résultat moyen est 9 sur 15
Statistiques - réponses
Hint Réponse % Correct
Club aillant fini le plus de fois 2e du classement de L1 sur la période Olympique de Marseille
91%
Nombre de champions différents sur la période 8
83%
Année durant laquelle s'est jouée pour la dernière fois la coupe de la Ligue 2020
81%
Nom de la Ligue 1 avant 2002 Division 1
77%
Premier champion de France sur la période AS Monaco
72%
Dirigeant ayant présidé l'En Avant Guingamp puis la FFF Noël Le Graët
55%
Club ayant remporté la coupe de France à deux reprises en battant un rival régional en finale En Avant Guingamp
51%
Nom de cet entraineur détenant le record de matchs passés sur un banc en Ligue 1, ayant pris sa retraite en 2007 Guy Roux
51%
Club avec le plus faible nombre de points sur une seule saison (20 pts) AC Arles-Avignon
49%
Arbitre ayant terminé sa carrière sur une suspension de 6 mois après avoir taclé un joueur et expulsé ce dernier Tony Chapron
49%
Nom du vainqueur de l'avant-dernière édition de cette compétition RC Strasbourg
47%
Nom du joueur d'Evian TG FC ayant marqué contre Nice un but d'anthologie depuis sa propre moitié de terrain Saber Khlifa
47%
Prédécesseur de Raymond Domenech en tant que sélectionneur de l'équipe de France entre 2002 et 2004 Jacques Santini
42%
Entraîneur champion avec le FC Nantes en 2001 et fils spirituel de Jean-Claude Suaudeau Raynald Denoueix
30%
Saison d'introduction de la VAR en Ligue 1 2018-2019
26%
Aucun quiz correspondant
Distribution des résultats
% des personnes avec chaque résultat
Percentile par nombre de réponses
Votre historique - résultats
Vous n’avez pas pris ce quiz